|
|
|
|
| LEADER |
03382nam a22004935i 4500 |
| 001 |
978-1-4939-1267-4 |
| 003 |
DE-He213 |
| 005 |
20151204171355.0 |
| 007 |
cr nn 008mamaa |
| 008 |
140919s2015 xxu| s |||| 0|eng d |
| 020 |
|
|
|a 9781493912674
|9 978-1-4939-1267-4
|
| 024 |
7 |
|
|a 10.1007/978-1-4939-1267-4
|2 doi
|
| 040 |
|
|
|d GrThAP
|
| 050 |
|
4 |
|a R895-920
|
| 072 |
|
7 |
|a MMPH
|2 bicssc
|
| 072 |
|
7 |
|a MMP
|2 bicssc
|
| 072 |
|
7 |
|a MED008000
|2 bisacsh
|
| 082 |
0 |
4 |
|a 616.0757
|2 23
|
| 245 |
1 |
0 |
|a Breast Cancer Screening and Diagnosis
|h [electronic resource] :
|b A Synopsis /
|c edited by Mahesh K Shetty.
|
| 264 |
|
1 |
|a New York, NY :
|b Springer New York :
|b Imprint: Springer,
|c 2015.
|
| 300 |
|
|
|a XIV, 458 p. 324 illus., 137 illus. in color.
|b online resource.
|
| 336 |
|
|
|a text
|b txt
|2 rdacontent
|
| 337 |
|
|
|a computer
|b c
|2 rdamedia
|
| 338 |
|
|
|a online resource
|b cr
|2 rdacarrier
|
| 347 |
|
|
|a text file
|b PDF
|2 rda
|
| 505 |
0 |
|
|a Breast Cancer Genetics and Risk Assessment -- Screening for Breast Cancer -- Mammography Techniques, Positioning, and Optimizing Image Quality -- Digital Mammography and Digital Breast Tomosynthesis -- Mammographic Signs of Breast Cancer -- Probably Benign Abnormalities of the Breast -- Breast Ultrasound -- The Basics of Breast MRI -- Breast MRI for Diagnosis and Staging of Breast Cancer -- Optimizing Mammographic Screening and Diagnosis of Breast Cancer -- Imaging of the Symptomatic Breast in the Young, Pregnant, or Lactating Woman -- Breast Intervention -- Imaging Pathologic Correlation in Breast Imaging -- Challenges in Breast Imaging -- Staging of Breast Cancer -- The Post-Operative Breast -- The Multidisciplinary Approach to Breast Cancer Management -- Design and Operation of a Comprehensive Breast Care Center -- Emerging Technologies in Breast Imaging.
|
| 520 |
|
|
|a This book presents the current trends and practices in breast imaging. Topics include mammographic interpretation; breast ultrasound; breast MRI; management of the symptomatic breast in young, pregnant, and lactating women; breast intervention with imaging pathological correlation; the postoperative breast; and current and emerging technologies in breast imaging. It emphasizes the importance of fostering a multidisciplinary approach in the diagnosis and treatment of breast diseases. Featuring more than 800 high-resolution images and showcasing contributions from leading authorities in the screening, diagnosis, and management of the breast cancer patient, Breast Cancer Screening and Diagnosis is a valuable resource for radiologists, oncologists, and surgeons. Mahesh K. Shetty is a Clinical Professor of Radiology at Baylor College of Medicine and the chief physician at the Woman’s Center for Breast Care & MRI at The Woman’s Hospital of Texas.
|
| 650 |
|
0 |
|a Medicine.
|
| 650 |
|
0 |
|a Gynecology.
|
| 650 |
|
0 |
|a Radiology.
|
| 650 |
|
0 |
|a Oncology.
|
| 650 |
1 |
4 |
|a Medicine & Public Health.
|
| 650 |
2 |
4 |
|a Imaging / Radiology.
|
| 650 |
2 |
4 |
|a Oncology.
|
| 650 |
2 |
4 |
|a Ultrasound.
|
| 650 |
2 |
4 |
|a Diagnostic Radiology.
|
| 650 |
2 |
4 |
|a Gynecology.
|
| 700 |
1 |
|
|a Shetty, Mahesh K.
|e editor.
|
| 710 |
2 |
|
|a SpringerLink (Online service)
|
| 773 |
0 |
|
|t Springer eBooks
|
| 776 |
0 |
8 |
|i Printed edition:
|z 9781493912667
|
| 856 |
4 |
0 |
|u http://dx.doi.org/10.1007/978-1-4939-1267-4
|z Full Text via HEAL-Link
|
| 912 |
|
|
|a ZDB-2-SME
|
| 950 |
|
|
|a Medicine (Springer-11650)
|